Pays européens vs États des États-Unis vs Provinces chinoises par PIB - Statistiques

Statistiques générales
  • Ce quiz a été pris 44 fois
  • Le résultat moyen est 27 sur 46
Statistiques - réponses
% Correct
4 3174.10 France
100%
1 4710.03 Allemagne
97%
2 3870.38 Californie
97%
3 3587.55 Royaume-Uni
95%
11 1731.47 Espagne
89%
6 2376.51 Italie
89%
8 2172.01 New York
89%
12 1600.81 Floride
86%
20 862.91 Pologne
86%
7 2184.32 Russie
86%
5 2583.87 Texas
86%
46 503.75 Norvège
84%
38 609.04 Suède
84%
18 942.27 Suisse
84%
35 656.22 Shanghai
81%
34 662.18 Belgique
78%
41 535.80 Autriche
76%
39 608.16 Pékin
73%
24 807.87 Washington
73%
40 560.57 Irlande
70%
26 788.10 Caroline du Nord
65%
25 806.67 New Jersey
65%
22 831.83 Géorgie
62%
16 1098.35 Illinois
62%
17 976.36 Pennsylvanie
59%
31 719.90 Virginie
57%
33 673.82 Michigan
54%
19 884.83 Ohio
54%
30 736.30 Massachusetts
49%
44 522.77 Arizona
46%
9 1885.50 Guangdong
46%
45 515.61 Maryland
46%
43 523.03 Tennessee
46%
42 529.63 Colorado
41%
27 775.52 Hubei
35%
28 775.02 Taïwan
32%
29 755.39 Fujian
30%
21 835.69 Sichuan
27%
14 1218.40 Hollande
24%
37 610.71 Hebei
22%
13 1279.51 Shandong
22%
15 1147.27 Zhejiang
22%
36 653.88 Anhui
19%
23 821.79 Henan
19%
32 695.05 Hunan
19%
10 1781.95 Jiangsu
16%
Aucun quiz correspondant
Distribution des résultats
% des personnes avec chaque résultat
Percentile par nombre de réponses
Votre historique - résultats
Vous n’avez pas pris ce quiz